000 00588nam a22001697a 4500
005 20260323145557.0
008 260323b |||||||| |||| 00| 0 eng d
020 _a978-93-89776-71-3
100 _aSHRIVASTAV, OM
245 _aMCQA IN NINFECTIOUS DISEASES
_bFOR DM STUDENTS
260 _aNEW DELHI
_bJAYPEE BROTHERS MEDICAL PUBLISHERS
_c2021
300 _aXVI, 432P.
500 _aINCLUDES INDEX
650 _a1. INFECTIOUS DISEASES - EXAMINATIONS, QUESTIONS , ETC 2. MEDICAL STUDENTS - EXAMINATIONS 3. COMMUNICABLE DISEASES - TEXTBOOKS
700 _aMEHTA, YATIN
942 _2lcc
_cBK
999 _c216859
_d216859